00935cam a22002297a 450000500170000000800410001702000180005802000150007604000290009104100080012004400070012808200180013524501140015325000220026726000600028930000980034950400610044765000610050865000260056965100560059570000540065120160623164340.0060116s2005 ck ab b 000 0 spa d a9789588173900 a9588173906 aFXGcFXGdDLCdCo-BoIAvH aspa ack16a551.483bR43s04aLos sedimentos del río Magdalena :breflejo de la crisis ambiental /ceditado por Juan D. Restrepo Ángel. aPrimera edición aMedellín :bFondo Editorial Universidad EAFIT,c2005. a267 páginas :bilustraciones (algunas a color), mapas (algunos a color) ;c25 centímetros aIncluye referencias bibliográficas en cada capítulo. 0aSistemas hídricos fluvialeszColombiazRío Magdalena 0aEcosistemas naturales 0aRío Magdalena (Colombia)xCondiciones ambientales1 aRestrepo Ángel, Juan D.q(Juan Darío)eeditor